Review of medical microbiology
Guardat en:
| Autors principals: | , , |
|---|---|
| Format: | Llibre |
| Idioma: | anglès |
| Publicat: |
Los Altos
Lange Medical Publications
1972
|
| Edició: | 10a. ed |
| Matèries: | |
| Etiquetes: |
Afegir etiqueta
Sense etiquetes, Sigues el primer a etiquetar aquest registre!
|
MARC
| LEADER | 00000nam a2200000 a 4500 | ||
|---|---|---|---|
| 001 | UCR5284 | ||
| 003 | CL-VaPUC | ||
| 008 | 980327e19720000US |||||||||||||||||eng|d | ||
| 082 | 0 | 4 | |a 616.01 |b JAW |2 21 |
| 100 | |a Jawetz, Ernest |e author |9 405988 | ||
| 700 | 0 | |a Melnick, Joseph |e author |9 405989 | |
| 700 | 0 | |a Adelberg, Edward A |e author |9 405990 | |
| 245 | 1 | 0 | |a Review of medical microbiology |
| 250 | |a 10a. ed | ||
| 300 | |a 518 p | ||
| 942 | |c BK | ||
| 945 | |d 19980327 00:00:00 |a crobeson | ||
| 260 | |a Los Altos |b Lange Medical Publications |c 1972 | ||
| 650 | 0 | |a Microbiología |9 259706 | |
| 650 | 0 | |a Medicina |9 258507 | |
| 650 | 0 | |a Bacteriología |9 259330 | |
| 650 | 0 | |a Parasitología |9 338528 | |
| 650 | 0 | |a Micología |9 326258 | |
| 650 | 0 | |a Virología |9 327250 | |
| 583 | |a last modification |c 19980327 00:00:00 |k Rodrigo Vera | ||
| 999 | |c 267903 |d 267901 | ||
| 952 | |0 0 |1 0 |4 0 |6 616_010000000000000_JAW_1972 |7 0 |8 A |9 300735 |a BIBALI |b BIBALI |c GEN |d 2019-11-20 |i 1969749 |o 616.01 JAW 1972 |p 1969749 |r 2025-01-20 |w 2019-11-20 |y BK |k ALI | ||